Inglés para españoles / (Record no. 122103)

MARC details
000 -LEADER
campo de control de longitud fija 00708nam a2200217 4500
001 - NÚMERO DE CONTROL
campo de control 122103
003 - IDENTIFICADOR DE NÚMERO DE CONTROL
campo de control ES-MaACL
005 - FECHA Y HORA DE LA ÚLTIMA TRANSACCIÓN
campo de control 20231228211409.0
007 - CAMPO FIJO DE DESCRIPCIÓN FÍSICA--INFORMACIÓN GENERAL
campo de control de longitud fija t|
008 - DATOS DE LONGITUD FIJA--INFORMACIÓN GENERAL
campo de control de longitud fija 070214m19541955sp r ||||1| spa d
100 1# - ENTRADA PRINCIPAL--NOMBRE DE PERSONA
Nombre de persona Potter, Basil.
9 (RLIN) 93392
245 10 - MENCIÓN DEL TÍTULO
Título Inglés para españoles /
Mención de responsabilidad, etc. Basil Potter ; prólogo de Walter Starkie.
250 ## - MENCION DE EDICION
Mención de edición 6ª. ed.
260 ## - PUBLICACIÓN, DISTRIBUCIÓN, ETC.
Lugar de publicación, distribución, etc. Barcelona :
Nombre del editor, distribuidor, etc. Juventud,
Fecha de publicación, distribución, etc. 1954-55.
300 ## - DESCRIPCIÓN FÍSICA
Extensión 3 v. :
Otras características físicas il. ;
Dimensiones 22 cm.
505 8# - NOTA DE CONTENIDO CON FORMATO
Nota de contenido con formato Contiene: Vol. I. Curso elemental. Vol. II. Curso medio. Vol. III. Curso superior.
700 1# - ENTRADA AGREGADA--NOMBRE PERSONAL
Nombre de persona Starkie, Walter,
Fechas asociadas al nombre 1894-1976
9 (RLIN) 107933
852 ## - LOCALIZACIÓN
Ubicación ES-MaACL
Número de control de estantería G-807-9
Sublocalización o colección R.39440
852 ## - LOCALIZACIÓN
Ubicación ES-MaACL
Número de control de estantería C-16969-71
Sublocalización o colección R.38784
Holdings
Estatus retirado Estado de pérdida Estado de daño No para préstamo Biblioteca de origen Biblioteca actual Ubicación en estantería Fecha de adquisición Fuente de adquisición Total de préstamos Signatura topográfica completa Código de barras Visto por última vez Precio de reemplazo Tipo de ítem Koha
        Biblioteca del Ateneo de Madrid Biblioteca del Ateneo de Madrid Mesetón 17/01/2008     C-16969-71 1127245 23/02/2023 23/02/2023 Libro impreso
        Biblioteca del Ateneo de Madrid Biblioteca del Ateneo de Madrid Depósito 2 17/01/2008     G-807-9 1127244 23/02/2023 23/02/2023 Libro impreso